Vật lý đại cương; T2: Vật lý phân tử và nhiệt học

Đã lưu trong:
書目詳細資料
主要作者: Đàm Trung Đồn
格式: 圖書
語言:Undetermined
出版: Hà Nội 1978
主題:
標簽: 添加標簽
沒有標簽, 成為第一個標記此記錄!
Thư viện lưu trữ: Trung tâm Học liệu Trường Đại học Cần Thơ
LEADER 00526nam a2200157Ia 4500
001 CTU_45800
008 210402s9999 xx 000 0 und d
082 |a 530 
082 |b V124/T2 
100 |a Đàm Trung Đồn 
245 0 |a Vật lý đại cương; T2: Vật lý phân tử và nhiệt học 
245 0 |c Đàm Trung Đồn, Nguyễn Viết Kính 
260 |a Hà Nội 
260 |c 1978 
650 |a physics - study and teaching 
980 |a Trung tâm Học liệu Trường Đại học Cần Thơ